Datum a čas kvízu
26.5
Celkem bodů
Celkový počet nahraných bodů na tomto kvízu bez doplňovacích otázek.
5.
Pořadí na kvízu
Konečné umístění týmu na tomto kvízu.
Zaznamenané odpovědi
| # | Otázka | Odpověď | Body | Výsledky |
|---|---|---|---|---|
| 1. | Jedna z cestujících vlakem Čes... | houby | 0 | |
| 2. | V Polsku se konaly parlamentní... | Právo a spravedlnost | 0 | |
| 3. | Jistá americká herečka si minu... | Jennifer Anistonová | 0 | |
| 4. | Nový obal, ve kterém chce znám... | Carlsberg | 0 | |
| 5. | Basketbalový Nymburk vstoupil... | Jaromír Bohačík | 0 | |
| 6. | V tomto tématu budeme tak troc... | Gioacchino | 0 | |
| 7. | Zůstaneme ještě u vážné hudby.... | malé v | 1 | |
| 8. | Americký herec s řeckými kořen... | C | 1 | |
| 9. | Jeden ze států USA nese název.... | A | 0 | |
| 10. | Zapište správně název zmrzliny... | stracciatella | 1 |